Estrategia de planeamiento y construcción "Lean"para edificios de concreto reforzado construidos utilizando formaletas para colado monolítico

Na minha lista:
Detalhes bibliográficos
Autor principal: Hernández Flores, Luis Roberto
Outros Autores: Rodríguez Mora, Marcos Eddy, 1964- Director del TFG
Formato: Livro
Idioma:Spanish
Publicado em: [San José], Costa Rica 2015
Assuntos:
Tags: Adicionar Tag
Sem tags, seja o primeiro a adicionar uma tag!

MARC

LEADER 00000nam a22000007a 4500
003 012324
005 20240110092017.0
008 160203b2015 cr a|||| |||| 00| ||spa d
040 |c cru CEDI 
090 |a TFG 7488 
100 |9 2986  |a Hernández Flores, Luis Roberto  
245 |a Estrategia de planeamiento y construcción "Lean"para edificios de concreto reforzado construidos utilizando formaletas para colado monolítico  
260 |a  [San José], Costa Rica  |c 2015 
500 |a Proyecto de graduación (licenciatura en ingeniería civil)--Universidad de Costa Rica. Facultad de Ingeniería. Escuela de Ingeniería Civil 
501 |a Director de Proyecto de Graduación: Ing. Marcos Rodríguez Mora 
650 |x EDIFICIOS - CONSTRUCCION   |x MANUFACTURA AJUSTADA   |x HORMIGON ARMADO   |x INDUSTRIA DE LA CONSTRUCCION - ADMINISTRACION   |x CONSTRUCCION SOSTENIBLE  |x CONSTRUCCION - PLANIFICACION  |9 2987 
700 |a Rodríguez Mora, Marcos Eddy, 1964-  |d Director del TFG  |9 984 
942 |c TFG  |h TFG 7488  |i 012324  |6 TFG_7488_012324000000000 
999 |c 16016  |d 16016